Blyth Valley BC and Kwik Fit Properties Ltd (Record no. 100399)
[ view plain ]
| 000 -LEADER | |
|---|---|
| fixed length control field | 01608cam a2200205 4500 |
| 001 - CONTROL NUMBER | |
| control field | X105452 |
| 008 - FIXED-LENGTH DATA ELEMENTS--GENERAL INFORMATION | |
| fixed length control field | 000000n2000 000 0 eng u |
| 035 ## - SYSTEM CONTROL NUMBER | |
| System control number | (Sirsi) u105452 |
| 245 ## - TITLE STATEMENT | |
| Title | Blyth Valley BC and Kwik Fit Properties Ltd |
| 260 ## - PUBLICATION, DISTRIBUTION, ETC. | |
| Date of publication, distribution, etc. | 2000 |
| 490 ## - SERIES STATEMENT | |
| Series statement | Planning Appeal Decisions |
| Volume/sequential designation | 15 PAD 230-238(9) |
| 520 ## - SUMMARY, ETC. | |
| Summary, etc. | T/APP/N2915/A/991022018/P4. Motorist centre-sale and fitting of tyres, exhausts, brakes and other fast-fit motorist repairs including MOT facilities-Tree Preseration Order-visual amentiy of are-impact on highway safety-amentities of neighbours-noise and ditsturbance levels below background traffic levels-structure and local plans-PPGs1,13 and 24-heavily-trafficked urban A road-30 mph limit-resiential,open space, nursing home and supermarket nearby-derelict public house on site-prominent location-intended functional industrial B2 building-well screened by exisiting trees-satisfactory access and parking-not significant adverse effect on highway safety-conditions. Costs-Council took decision contrararyto officers' professional advice-all concerns could be addressed by conditions-visual impact-extended access spaly-not noise problem if condition imposed-no evidence to show why local opposition should take precedence ober professional advice-costs awarded. (Headnote from journal article) |
| 650 ## - SUBJECT ADDED ENTRY--TOPICAL TERM | |
| Topical term or geographic name entry element | MOTORIST CENTRES |
| 650 ## - SUBJECT ADDED ENTRY--TOPICAL TERM | |
| Topical term or geographic name entry element | BLYTH VALLEY BC V KWIK FIT PROPERTIES LTD |
| 650 ## - SUBJECT ADDED ENTRY--TOPICAL TERM | |
| Topical term or geographic name entry element | NOISE |
| 650 ## - SUBJECT ADDED ENTRY--TOPICAL TERM | |
| Topical term or geographic name entry element | PLANNING APPEAL |
| 650 ## - SUBJECT ADDED ENTRY--TOPICAL TERM | |
| Topical term or geographic name entry element | TREE PRESERVATION ORDERS (TPOs) |
| 690 ## - LOCAL SUBJECT ADDED ENTRY--TOPICAL TERM (OCLC, RLIN) | |
| Topical term or geographic name as entry element | ENVIRONMENTAL AND LAND CONSULTANCY-PLANNING AND DEVELOPMENT |
| 942 ## - ADDED ENTRY ELEMENTS (KOHA) | |
| Suppress in OPAC | 0 |
| Withdrawn status | Lost status | Source of classification or shelving scheme | Damaged status | Not for loan | Home library | Current library | Shelving location | Date acquired | Total Checkouts | Full call number | Barcode | Date last seen | Copy number | Price effective from | Koha item type |
|---|---|---|---|---|---|---|---|---|---|---|---|---|---|---|---|
| Dewey Decimal Classification | London | London | Journal article | 19/04/2000 | X105452 | 105452-1001 | 06/08/2019 | 1 | 06/08/2019 | Law report |